[Event "Open de Figueres Miquel Mas 2016 - B"]
[Site "Figueres ESP"]
[Date "2016.08.13"]
[Round "4.18"]
[White "Murillo Fiol, Rodrigo"]
[Black "Almendros Gonzalez, Nuria Feng"]
[Result "1-0"]
[WhiteElo "1515"]
[BlackElo "1686"]
[PlyCount "29"]
[EventDate "2016.08.11"]
[EventType "swiss"]
[EventRounds "9"]
[EventCountry "ESP"]
[SourceTitle "Ajedrez en Madrid"]
[Source "lmi"]
[SourceDate "2016.08.11"]
[SourceVersion "1"]
[SourceVersionDate "2018.07.27"]
[SourceQuality "1"]

1. e4 e5 2. Nf3 Nc6 3. d4 exd4 4. Bc4 Nf6 5. e5 Qe7 6. O-O Qc5 7. Bxf7+ Kxf7 8.
Ng5+ Ke8 9. exf6 gxf6 10. Qh5+ Kd8 11. Nf7+ Ke8 12. Re1+ Ne5 13. Nxe5+ Ke7 14.
Nd3+ Kd8 15. Qe8# 1-0

[Event "Open de Figueres Miquel Mas 2016 - B"]
[Site "Figueres ESP"]
[Date "2016.08.14"]
[Round "5.1"]
[White "Palacios Pena, Gerardo"]
[Black "Claret, Franck"]
[Result "1-0"]
[WhiteElo "1900"]
[BlackElo "1923"]
[PlyCount "53"]
[EventDate "2016.08.11"]
[EventType "swiss"]
[EventRounds "9"]
[EventCountry "ESP"]
[SourceTitle "Ajedrez en Madrid"]
[Source "lmi"]
[SourceDate "2016.08.11"]
[SourceVersion "1"]
[SourceVersionDate "2018.07.27"]
[SourceQuality "1"]

1. d4 Nf6 2. Nf3 g6 3. Bf4 Bg7 4. e3 d6 5. h3 O-O 6. Be2 c5 7. c3 b6 8. Nbd2
Bb7 9. O-O Nbd7 10. a4 Rc8 11. a5 Bxf3 12. Nxf3 cxd4 13. exd4 Nd5 14. Bh2 Qc7
15. axb6 N7xb6 16. Nd2 Rb8 17. Bf3 Rfd8 18. Qe2 Re8 19. Qa6 Bh6 20. Rfd1 Bxd2
21. Rxd2 Qc4 22. Re2 Qb3 23. Bg3 Kg7 24. Qa2 Qb5 25. Rc2 Rec8 26. Rac1 Qd7 27.
Bxd5 1-0

[Event "Open de Figueres Miquel Mas 2016 - B"]
[Site "Figueres ESP"]
[Date "2016.08.14"]
[Round "5.2"]
[White "Oliva Llorens, Antoni"]
[Black "Lazaro Porta, Angel"]
[Result "1/2-1/2"]
[WhiteElo "1899"]
[BlackElo "1943"]
[PlyCount "57"]
[EventDate "2016.08.11"]
[EventType "swiss"]
[EventRounds "9"]
[EventCountry "ESP"]
[SourceTitle "Ajedrez en Madrid"]
[Source "lmi"]
[SourceDate "2016.08.11"]
[SourceVersion "1"]
[SourceVersionDate "2018.07.27"]
[SourceQuality "1"]

1. e4 c5 2. f4 d6 3. Nf3 Nd7 4. d4 cxd4 5. Qxd4 Qb6 6. Nc3 Ngf6 7. Bc4 e6 8.
O-O Qxd4+ 9. Nxd4 a6 10. Nf3 b5 11. Bd3 Bb7 12. b4 d5 13. exd5 Bxb4 14. dxe6
Bxc3 15. exd7+ Nxd7 16. Rb1 O-O 17. Bd2 Bf6 18. Bb4 Rfe8 19. Rf2 Nb6 20. Re1
Nd5 21. Bd2 Nb6 22. g4 Nc4 23. Bxc4 bxc4 24. g5 Be7 25. c3 Rad8 26. Nd4 Bc5 27.
Rxe8+ Rxe8 28. Re2 Rd8 29. Be3 1/2-1/2

[Event "Open de Figueres Miquel Mas 2016 - B"]
[Site "Figueres ESP"]
[Date "2016.08.14"]
[Round "5.5"]
[White "Vinas Serra, Jaume"]
[Black "Camos Ramio, Miguel"]
[Result "1/2-1/2"]
[WhiteElo "1824"]
[BlackElo "1931"]
[PlyCount "37"]
[EventDate "2016.08.11"]
[EventType "swiss"]
[EventRounds "9"]
[EventCountry "ESP"]
[SourceTitle "Ajedrez en Madrid"]
[Source "lmi"]
[SourceDate "2016.08.11"]
[SourceVersion "1"]
[SourceVersionDate "2018.07.27"]
[SourceQuality "1"]

1. d4 d5 2. Bg5 h6 3. Bh4 c6 4. c3 Qb6 5. Qb3 Qxb3 6. axb3 Bf5 7. Nd2 e6 8. e3
Bd6 9. c4 Nd7 10. Ngf3 Ngf6 11. h3 Ne4 12. Nxe4 Bxe4 13. Kd2 Be7 14. Bxe7 Kxe7
15. Bd3 Nf6 16. Bxe4 Nxe4+ 17. Ke2 a6 18. Nd2 Nxd2 19. Kxd2 1/2-1/2

[Event "Open de Figueres Miquel Mas 2016 - B"]
[Site "Figueres ESP"]
[Date "2016.08.14"]
[Round "5.6"]
[White "Nunez Colome, David"]
[Black "Gili Munoz, Daniel"]
[Result "1-0"]
[WhiteElo "1702"]
[BlackElo "1805"]
[PlyCount "63"]
[EventDate "2016.08.11"]
[EventType "swiss"]
[EventRounds "9"]
[EventCountry "ESP"]
[SourceTitle "Ajedrez en Madrid"]
[Source "lmi"]
[SourceDate "2016.08.11"]
[SourceVersion "1"]
[SourceVersionDate "2018.07.27"]
[SourceQuality "1"]

1. e4 c5 2. Nf3 d6 3. d4 cxd4 4. Nxd4 Nf6 5. Nc3 a6 6. Be2 e5 7. Nb3 Be7 8. Be3
Be6 9. O-O O-O 10. a4 Qc7 11. a5 Nbd7 12. Kh1 Rac8 13. Nc1 Nc5 14. Bf3 Qc6 15.
Nd5 Bd8 16. Bxc5 dxc5 17. c4 b5 18. axb6 Bxd5 19. exd5 Qxb6 20. Qc2 Bc7 21. Re1
Rb8 22. b3 Qd6 23. g3 Rfe8 24. Na2 Re7 25. Nc3 Rbe8 26. Qa2 Ra8 27. Nb5 axb5
28. Qxa8+ Re8 29. Qb7 e4 30. Bxe4 Nxe4 31. Qxb5 h5 32. Qxe8+ 1-0

[Event "Open de Figueres Miquel Mas 2016 - B"]
[Site "Figueres ESP"]
[Date "2016.08.14"]
[Round "5.7"]
[White "Fernandez Molas, Andreu"]
[Black "Voegeli, Max"]
[Result "0-1"]
[WhiteElo "1678"]
[BlackElo "1792"]
[PlyCount "102"]
[EventDate "2016.08.11"]
[EventType "swiss"]
[EventRounds "9"]
[EventCountry "ESP"]
[SourceTitle "Ajedrez en Madrid"]
[Source "lmi"]
[SourceDate "2016.08.11"]
[SourceVersion "1"]
[SourceVersionDate "2018.07.27"]
[SourceQuality "1"]

1. d4 Nf6 2. Nc3 c5 3. d5 d6 4. e4 Nbd7 5. f4 g6 6. Bd3 Bg7 7. Bd2 O-O 8. Nf3
a6 9. Qe2 b5 10. Qf2 c4 11. e5 dxe5 12. fxe5 Ng4 13. Qh4 cxd3 14. Qxg4 Nxe5 15.
Qg3 Nxf3+ 16. Qxf3 Bb7 17. Qxd3 b4 18. Na4 Bxd5 19. O-O Bc6 20. Nc5 Qxd3 21.
Nxd3 a5 22. Rae1 e6 23. b3 Bb5 24. Rf3 Rac8 25. Rc1 Rfd8 26. Bg5 Rxd3 27. cxd3
Bd4+ 28. Kf1 Bc3 29. Bf6 Rc5 30. Bxc3 bxc3 31. Ke1 e5 32. Kd1 f5 33. Kc2 e4 34.
dxe4 fxe4 35. Rxc3 Rf5 36. Kb2 Bd3 37. Rc8+ Kg7 38. R1c7+ Kh6 39. Kc3 Rf2 40.
h4 Rxg2 41. Re8 Rc2+ 42. Kd4 Rxc7 43. Ra8 Rd7+ 44. Ke3 Rd5 45. Ra7 Rh5 46. Ra8
Rxh4 47. Rxa5 Rh3+ 48. Kd2 Rh2+ 49. Ke3 Bb1 50. a3 Rh3+ 51. Kd2 Rxb3 0-1

[Event "Open de Figueres Miquel Mas 2016 - B"]
[Site "Figueres ESP"]
[Date "2016.08.14"]
[Round "5.8"]
[White "Mallol Descarrega, Aleix"]
[Black "Blanco Esquena, Ramon"]
[Result "1/2-1/2"]
[WhiteElo "1567"]
[BlackElo "1760"]
[PlyCount "41"]
[EventDate "2016.08.11"]
[EventType "swiss"]
[EventRounds "9"]
[EventCountry "ESP"]
[SourceTitle "Ajedrez en Madrid"]
[Source "lmi"]
[SourceDate "2016.08.11"]
[SourceVersion "1"]
[SourceVersionDate "2018.07.27"]
[SourceQuality "1"]

1. e4 c5 2. Nf3 d6 3. d4 cxd4 4. Nxd4 Nf6 5. Nc3 a6 6. f3 Qc7 7. Be3 Nc6 8. Be2
e6 9. Qd2 Be7 10. O-O-O b5 11. g4 b4 12. Nb1 Nxd4 13. Bxd4 e5 14. Be3 Be6 15.
h4 Bxa2 16. Qxb4 Bxb1 17. Kxb1 Nd7 18. h5 d5 19. Qa4 d4 20. Bc1 Qb6 21. g5
1/2-1/2

[Event "Open de Figueres Miquel Mas 2016 - B"]
[Site "Figueres ESP"]
[Date "2016.08.14"]
[Round "5.10"]
[White "Mallol Descarrega, Gerard"]
[Black "Clot Chico, Arnau"]
[Result "1-0"]
[WhiteElo "1639"]
[BlackElo "1944"]
[PlyCount "61"]
[EventDate "2016.08.11"]
[EventType "swiss"]
[EventRounds "9"]
[EventCountry "ESP"]
[SourceTitle "Ajedrez en Madrid"]
[Source "lmi"]
[SourceDate "2016.08.11"]
[SourceVersion "1"]
[SourceVersionDate "2018.07.27"]
[SourceQuality "1"]

1. e4 c5 2. Nf3 d6 3. d4 cxd4 4. Nxd4 Nf6 5. Nc3 a6 6. Be2 e5 7. Nb3 Be7 8. O-O
O-O 9. Be3 Be6 10. f4 Qc7 11. f5 Bc4 12. Bxc4 Qxc4 13. Qd3 Qc6 14. Bg5 Nbd7 15.
Kh1 Rac8 16. Rad1 Nc5 17. Nxc5 dxc5 18. Nd5 Rfe8 19. Bxf6 Bxf6 20. Qg3 c4 21.
c3 Bd8 22. f6 g6 23. Qg5 Qc5 24. Rf3 Qf8 25. Rh3 Kh8 26. Rh6 Rc6 27. Qh4 Qg8
28. g4 g5 29. Qf2 Ree6 30. Qf5 Bb6 31. Nxb6 1-0

[Event "Open de Figueres Miquel Mas 2016 - B"]
[Site "Figueres ESP"]
[Date "2016.08.14"]
[Round "5.12"]
[White "Perez Lopez, Alfonso"]
[Black "Murillo Fiol, Rodrigo"]
[Result "1-0"]
[WhiteElo "1785"]
[BlackElo "1515"]
[PlyCount "35"]
[EventDate "2016.08.11"]
[EventType "swiss"]
[EventRounds "9"]
[EventCountry "ESP"]
[SourceTitle "Ajedrez en Madrid"]
[Source "lmi"]
[SourceDate "2016.08.11"]
[SourceVersion "1"]
[SourceVersionDate "2018.07.27"]
[SourceQuality "1"]

1. Nf3 Nf6 2. g3 e6 3. c4 c5 4. Nc3 b6 5. Bg2 Bb7 6. O-O Qc7 7. d3 d5 8. Bf4
Bd6 9. Nb5 Qd7 10. Nxd6+ Ke7 11. Ne5 Qc7 12. Ng6+ Kd8 13. Nxh8 Qe7 14. Nhxf7+
Kd7 15. Ne5+ Kd8 16. Nxb7+ Qxb7 17. cxd5 exd5 18. Qb3 1-0

[Event "Open de Figueres Miquel Mas 2016 - B"]
[Site "Figueres ESP"]
[Date "2016.08.14"]
[Round "5.19"]
[White "Almendros Gonzalez, Nuria Feng"]
[Black "Cantenys Pages, Carles"]
[Result "1-0"]
[WhiteElo "1686"]
[BlackElo "1469"]
[PlyCount "86"]
[EventDate "2016.08.11"]
[EventType "swiss"]
[EventRounds "9"]
[EventCountry "ESP"]
[SourceTitle "Ajedrez en Madrid"]
[Source "lmi"]
[SourceDate "2016.08.11"]
[SourceVersion "1"]
[SourceVersionDate "2018.07.27"]
[SourceQuality "1"]

1. e4 e5 2. Nf3 Nc6 3. d4 exd4 4. Bc4 Be7 5. c3 d6 6. cxd4 Nf6 7. Nc3 a6 8. O-O
O-O 9. Nh4 Nxe4 10. Nf3 Nxc3 11. bxc3 d5 12. Bd3 b5 13. Qc2 g6 14. Qd2 Bf6 15.
Re1 Re8 16. Rxe8+ Qxe8 17. Qh6 Bg7 18. Qg5 Ne7 19. Qh4 Nf5 20. Bxf5 Bxf5 21.
Bf4 Qc6 22. Ng5 h5 23. h3 Bf6 24. g4 Bxg5 25. Qxg5 hxg4 26. hxg4 Be4 27. Kh2
Kg7 28. Qh6+ Kg8 29. g5 f6 30. f3 Bf5 31. gxf6 Qd7 32. Be5 Qf7 33. Rh1 Qf8 34.
f7+ Kxf7 35. Qh7+ Ke6 36. Re1 Be4 37. Qh3+ Qf5 38. fxe4 Qxh3+ 39. Kxh3 c6 40.
exd5+ Kxd5 41. Rf1 a5 42. Rf6 Rh8+ 43. Kg4 Rh1 1-0

[Event "Open de Figueres Miquel Mas 2016 - B"]
[Site "Figueres ESP"]
[Date "2016.08.14"]
[Round "5.20"]
[White "Jurado Coderch, Heribert"]
[Black "Andres Sebastian, Luis"]
[Result "1/2-1/2"]
[WhiteElo "1391"]
[BlackElo "1452"]
[PlyCount "73"]
[EventDate "2016.08.11"]
[EventType "swiss"]
[EventRounds "9"]
[EventCountry "ESP"]
[SourceTitle "Ajedrez en Madrid"]
[Source "lmi"]
[SourceDate "2016.08.11"]
[SourceVersion "1"]
[SourceVersionDate "2018.07.27"]
[SourceQuality "1"]

1. e4 e5 2. Nf3 Nc6 3. Bb5 Be7 4. O-O Nf6 5. Nc3 O-O 6. d4 Nxd4 7. Nxd4 exd4 8.
Qxd4 c6 9. Bd3 d6 10. Bf4 Be6 11. e5 Ne8 12. exd6 Nxd6 13. Bxd6 Bxd6 14. Qe4 g6
15. Rfe1 Bf5 16. Qf3 Bxd3 17. cxd3 Bb4 18. Re4 Bxc3 19. bxc3 Qd7 20. Rae1 Rae8
21. d4 Rxe4 22. Rxe4 Qd5 23. a4 Qb3 24. Qd3 Qxa4 25. f3 Qa5 26. Re5 Qd8 27. d5
a5 28. Qc4 Qb6+ 29. Kf1 Qb5 30. Qxb5 cxb5 31. d6 Rd8 32. Rxb5 Rxd6 33. Rxa5 Rd3
34. Rb5 Rxc3 35. Rxb7 h6 36. Re7 Rc1+ 37. Kf2 1/2-1/2

[Event "Open de Figueres Miquel Mas 2016 - B"]
[Site "Figueres ESP"]
[Date "2016.08.15"]
[Round "6.4"]
[White "Glukhovsky, Daniel"]
[Black "Oliva Llorens, Antoni"]
[Result "0-1"]
[WhiteElo "1805"]
[BlackElo "1899"]
[PlyCount "60"]
[EventDate "2016.08.11"]
[EventType "swiss"]
[EventRounds "9"]
[EventCountry "ESP"]
[SourceTitle "Ajedrez en Madrid"]
[Source "lmi"]
[SourceDate "2016.08.11"]
[SourceVersion "1"]
[SourceVersionDate "2018.07.27"]
[SourceQuality "1"]

1. f4 d5 2. Nf3 Nf6 3. e3 g6 4. b3 Bg7 5. Bb2 O-O 6. Be2 c5 7. O-O Nc6 8. Qe1
d4 9. Bc4 dxe3 10. dxe3 Bf5 11. Na3 a6 12. Rd1 Qc7 13. Bxf6 exf6 14. e4 Rae8
15. Nd2 Bxe4 16. Nxe4 f5 17. Qf2 Rxe4 18. Kh1 Bd4 19. Qg3 b5 20. Bd3 Re3 21.
Qh4 Rfe8 22. c4 Nb4 23. Bb1 Qa5 24. Nc2 Nxc2 25. Bxc2 bxc4 26. bxc4 Qxa2 27.
Rc1 Re2 28. Bb1 Qb2 29. Qg3 R8e3 30. Qh4 Bf6 0-1

[Event "Open de Figueres Miquel Mas 2016 - B"]
[Site "Figueres ESP"]
[Date "2016.08.15"]
[Round "6.5"]
[White "Voegeli, Max"]
[Black "Vinas Serra, Jaume"]
[Result "0-1"]
[WhiteElo "1792"]
[BlackElo "1824"]
[PlyCount "72"]
[EventDate "2016.08.11"]
[EventType "swiss"]
[EventRounds "9"]
[EventCountry "ESP"]
[SourceTitle "Ajedrez en Madrid"]
[Source "lmi"]
[SourceDate "2016.08.11"]
[SourceVersion "1"]
[SourceVersionDate "2018.07.27"]
[SourceQuality "1"]

1. e4 Nf6 2. Nc3 d5 3. exd5 Nxd5 4. Bc4 Nb6 5. Bb3 Nc6 6. Nf3 Bf5 7. O-O e6 8.
Re1 Be7 9. Ne4 O-O 10. Ng3 Bg6 11. d3 Bf6 12. Ne4 Bxe4 13. Rxe4 Na5 14. d4 Nxb3
15. axb3 c5 16. c3 cxd4 17. Nxd4 Qd5 18. Re1 Bxd4 19. cxd4 Rfd8 20. Be3 Nd7 21.
Qe2 Qxb3 22. Ra3 Qd5 23. Rea1 a6 24. Ra5 Qd6 25. Rg5 Nf6 26. Qf3 Nd5 27. Qg4 g6
28. Bd2 f5 29. Rxg6+ hxg6 30. Qxg6+ Kf8 31. Bh6+ Ke7 32. Qg7+ Ke8 33. Rc1 Qe7
34. Qg8+ Kd7 35. Bg5 Rxg8 36. Bxe7 Kxe7 0-1

[Event "Open de Figueres Miquel Mas 2016 - B"]
[Site "Figueres ESP"]
[Date "2016.08.15"]
[Round "6.6"]
[White "Camos Ramio, Miguel"]
[Black "Mallol Descarrega, Gerard"]
[Result "1-0"]
[WhiteElo "1931"]
[BlackElo "1639"]
[PlyCount "75"]
[EventDate "2016.08.11"]
[EventType "swiss"]
[EventRounds "9"]
[EventCountry "ESP"]
[SourceTitle "Ajedrez en Madrid"]
[Source "lmi"]
[SourceDate "2016.08.11"]
[SourceVersion "1"]
[SourceVersionDate "2018.07.27"]
[SourceQuality "1"]

1. d4 e6 2. c4 d5 3. Nf3 Be7 4. g3 Nf6 5. Bg2 O-O 6. O-O b6 7. Nc3 Bb7 8. cxd5
Nxd5 9. Nxd5 Bxd5 10. Qc2 c5 11. Rd1 Nd7 12. e4 Bb7 13. dxc5 Qc7 14. c6 Qxc6
15. Qxc6 Bxc6 16. Nd4 Nb8 17. Bf4 Bb7 18. Nb5 Nc6 19. Bd6 a6 20. Bxe7 Nxe7 21.
Rd7 axb5 22. Rxb7 Ng6 23. Rxb6 Rab8 24. Rxb8 Rxb8 25. Rc1 b4 26. f4 Ra8 27. Rc4
Rxa2 28. Rxb4 e5 29. Rb8+ Nf8 30. fxe5 Ra5 31. b4 Rxe5 32. b5 g6 33. b6 Kg7 34.
b7 Rb5 35. e5 Rb1+ 36. Kf2 Nd7 37. Rd8 Rb2+ 38. Ke3 1-0

[Event "Open de Figueres Miquel Mas 2016 - B"]
[Site "Figueres ESP"]
[Date "2016.08.15"]
[Round "6.7"]
[White "Blanco Esquena, Ramon"]
[Black "Guzman Maglaya, Noli"]
[Result "0-1"]
[WhiteElo "1760"]
[BlackElo "1925"]
[PlyCount "52"]
[EventDate "2016.08.11"]
[EventType "swiss"]
[EventRounds "9"]
[EventCountry "ESP"]
[SourceTitle "Ajedrez en Madrid"]
[Source "lmi"]
[SourceDate "2016.08.11"]
[SourceVersion "1"]
[SourceVersionDate "2018.07.27"]
[SourceQuality "1"]

1. e4 c5 2. d4 cxd4 3. c3 d6 4. cxd4 Nf6 5. Nc3 g6 6. Nf3 Bg7 7. Bc4 O-O 8. O-O
a6 9. Bb3 b5 10. Qe2 Nbd7 11. e5 dxe5 12. dxe5 Ne8 13. e6 fxe6 14. Bxe6+ Kh8
15. Bd5 Rb8 16. Ng5 Ne5 17. Rd1 Qc7 18. Bb3 Ng4 19. g3 Bxc3 20. bxc3 Rxf2 21.
Nf7+ Kg8 22. Nd6+ Kf8 23. Qxg4 Bxg4 24. Bh6+ Ng7 25. Rf1 Rf6 26. Rxf6+ exf6 0-1

[Event "Open de Figueres Miquel Mas 2016 - B"]
[Site "Figueres ESP"]
[Date "2016.08.15"]
[Round "6.9"]
[White "Glukhovskiy, Matvey"]
[Black "Perez Lopez, Alfonso"]
[Result "1-0"]
[WhiteElo "1490"]
[BlackElo "1785"]
[PlyCount "46"]
[EventDate "2016.08.11"]
[EventType "swiss"]
[EventRounds "9"]
[EventCountry "ESP"]
[SourceTitle "Ajedrez en Madrid"]
[Source "lmi"]
[SourceDate "2016.08.11"]
[SourceVersion "1"]
[SourceVersionDate "2018.07.27"]
[SourceQuality "1"]

1. c4 Nf6 2. Nc3 e6 3. Nf3 d5 4. cxd5 exd5 5. d3 g6 6. g3 Bg7 7. Bg2 O-O 8. O-O
c6 9. Bf4 Nbd7 10. Qd2 Re8 11. b4 Qe7 12. b5 c5 13. Rac1 b6 14. e4 dxe4 15.
Nxe4 Nxe4 16. dxe4 Bb7 17. Rfe1 Nf6 18. e5 Nd7 19. e6 Nf6 20. exf7+ Qxf7 21.
Ng5 Qd7 22. Qxd7 Nxd7 23. Bxb7 Rad8 1-0

[Event "Open de Figueres Miquel Mas 2016 - B"]
[Site "Figueres ESP"]
[Date "2016.08.16"]
[Round "7.4"]
[White "Claret, Franck"]
[Black "Camos Ramio, Miguel"]
[Result "1-0"]
[WhiteElo "1923"]
[BlackElo "1931"]
[PlyCount "59"]
[EventDate "2016.08.11"]
[EventType "swiss"]
[EventRounds "9"]
[EventCountry "ESP"]
[SourceTitle "Ajedrez en Madrid"]
[Source "lmi"]
[SourceDate "2016.08.11"]
[SourceVersion "1"]
[SourceVersionDate "2018.07.27"]
[SourceQuality "1"]

1. Nf3 d5 2. c4 e6 3. g3 Nf6 4. Bg2 Be7 5. O-O O-O 6. d4 dxc4 7. Ne5 Nbd7 8.
Nxc4 c6 9. Nc3 Nb6 10. Ne5 Nfd7 11. Nxd7 Bxd7 12. e4 f5 13. Qb3 Kh8 14. Bf4 Bg5
15. Bd6 Be7 16. Bc5 f4 17. Rad1 Qe8 18. Bxb6 axb6 19. Qxb6 f3 20. Bh1 Rf6 21.
Rd3 Qh5 22. Qxb7 Rd8 23. Qc7 Rh6 24. h4 Bxh4 25. Bxf3 Qg6 26. Bg2 Bf6 27. Rfd1
Bc8 28. e5 Bg5 29. f4 Qh5 30. fxg5 1-0

[Event "Open de Figueres Miquel Mas 2016 - B"]
[Site "Figueres ESP"]
[Date "2016.08.16"]
[Round "7.8"]
[White "Perez Fonolleras, Oliver"]
[Black "Perdomo Raudales, Javier Fern"]
[Result "1-0"]
[WhiteElo "1468"]
[BlackElo "1783"]
[PlyCount "67"]
[EventDate "2016.08.11"]
[EventType "swiss"]
[EventRounds "9"]
[EventCountry "ESP"]
[SourceTitle "Ajedrez en Madrid"]
[Source "lmi"]
[SourceDate "2016.08.11"]
[SourceVersion "1"]
[SourceVersionDate "2018.07.27"]
[SourceQuality "1"]

1. e4 e5 2. Nf3 Nc6 3. Bb5 a6 4. Ba4 Nf6 5. O-O d6 6. c3 Nxe4 7. d4 b5 8. Bb3
Be7 9. Bd5 Bd7 10. Bxe4 Rc8 11. Qc2 g6 12. Rd1 f5 13. Bxc6 Bxc6 14. dxe5 Bxf3
15. gxf3 O-O 16. Bh6 Rf7 17. f4 Bf8 18. e6 Bxh6 19. exf7+ Kxf7 20. a4 Qh4 21.
f3 Bxf4 22. Qf2 Qg5+ 23. Kh1 Be3 24. Qg2 Re8 25. Qxg5 Bxg5 26. axb5 axb5 27.
Ra7 Re2 28. Na3 Be3 29. Rb7 Bb6 30. Nxb5 Kf6 31. Nxd6 cxd6 32. Rxd6+ Re6 33.
Rbxb6 Rxd6 34. Rxd6+ 1-0

[Event "Open de Figueres Miquel Mas 2016 - B"]
[Site "Figueres ESP"]
[Date "2016.08.16"]
[Round "7.10"]
[White "Mallol Descarrega, Aleix"]
[Black "Clot Chico, Arnau"]
[Result "0-1"]
[WhiteElo "1567"]
[BlackElo "1944"]
[PlyCount "44"]
[EventDate "2016.08.11"]
[EventType "swiss"]
[EventRounds "9"]
[EventCountry "ESP"]
[SourceTitle "Ajedrez en Madrid"]
[Source "lmi"]
[SourceDate "2016.08.11"]
[SourceVersion "1"]
[SourceVersionDate "2018.07.27"]
[SourceQuality "1"]

1. e4 c5 2. Nf3 d6 3. d4 cxd4 4. Nxd4 Nf6 5. Nc3 a6 6. Be3 e5 7. Nf3 Be7 8. Be2
O-O 9. h3 b5 10. Qd2 Be6 11. g4 b4 12. Na4 Nbd7 13. g5 Nxe4 14. Qd3 d5 15. h4
Qc7 16. O-O-O Qc6 17. b3 d4 18. Bxd4 exd4 19. Nxd4 Qd5 20. f3 Ndc5 21. Nxc5
Nxc5 22. Qe3 Qd7 0-1

[Event "Open de Figueres Miquel Mas 2016 - B"]
[Site "Figueres ESP"]
[Date "2016.08.16"]
[Round "7.12"]
[White "Padrosa Baro, Carles"]
[Black "Febrero Perez, Lluis"]
[Result "0-1"]
[WhiteElo "1749"]
[BlackElo "1555"]
[PlyCount "72"]
[EventDate "2016.08.11"]
[EventType "swiss"]
[EventRounds "9"]
[EventCountry "ESP"]
[SourceTitle "Ajedrez en Madrid"]
[Source "lmi"]
[SourceDate "2016.08.11"]
[SourceVersion "1"]
[SourceVersionDate "2018.07.27"]
[SourceQuality "1"]

1. e4 e5 2. Nf3 Nc6 3. d4 exd4 4. c3 dxc3 5. Nxc3 Bb4 6. Bc4 Qe7 7. O-O Bxc3 8.
bxc3 Ne5 9. Nxe5 Qxe5 10. Qb3 Qh5 11. a4 Ne7 12. Ba3 b6 13. Rad1 c5 14. Bb5 a6
15. Bc4 Qg6 16. f3 O-O 17. Rd2 Rb8 18. Rfd1 Qc6 19. Rd6 Qc7 20. Qc2 Nc6 21. f4
b5 22. axb5 axb5 23. Bd5 Nd4 24. cxd4 Qxd6 25. Bxc5 Qc7 26. Qb3 d6 27. Ba3 Re8
28. e5 Be6 29. Bxe6 Rxe6 30. Bxd6 Rxd6 31. exd6 Qxd6 32. Qe3 b4 33. Rb1 b3 34.
Rxb3 Rxb3 35. Qxb3 Qxd4+ 36. Kh1 Qa1+ 0-1

[Event "Open de Figueres Miquel Mas 2016 - B"]
[Site "Figueres ESP"]
[Date "2016.08.16"]
[Round "7.18"]
[White "Martinez Martinez, Jose"]
[Black "Antoine, Jean-Luc"]
[Result "0-1"]
[WhiteElo "1734"]
[BlackElo "1492"]
[PlyCount "64"]
[EventDate "2016.08.11"]
[EventType "swiss"]
[EventRounds "9"]
[EventCountry "ESP"]
[SourceTitle "Ajedrez en Madrid"]
[Source "lmi"]
[SourceDate "2016.08.11"]
[SourceVersion "1"]
[SourceVersionDate "2018.07.27"]
[SourceQuality "1"]

1. e4 e6 2. d4 d5 3. e5 c5 4. dxc5 Bxc5 5. Nf3 Nc6 6. c3 Bd7 7. Be2 Qc7 8. Bf4
Nge7 9. O-O Ng6 10. Bg3 Ngxe5 11. Nxe5 Nxe5 12. Nd2 Bd6 13. Nb3 O-O 14. Rc1 Nc6
15. f4 Rac8 16. Bd3 g6 17. h4 h5 18. Bb1 Qb8 19. Qe2 Ne7 20. Nd4 Bc5 21. Kh1
Bxd4 22. cxd4 a6 23. Qd3 Bb5 24. Qf3 Bxf1 25. Rxf1 Nf5 26. Bf2 Nh6 27. Bg3 Qa7
28. Qd3 Nf5 29. Rd1 Rc4 30. Bf2 Nd6 31. b3 Ne4 32. Bg1 Rc3 0-1

[Event "Open de Figueres Miquel Mas 2016 - B"]
[Site "Figueres ESP"]
[Date "2016.08.17"]
[Round "8.3"]
[White "Vinas Serra, Jaume"]
[Black "Claret, Franck"]
[Result "1/2-1/2"]
[WhiteElo "1824"]
[BlackElo "1923"]
[PlyCount "58"]
[EventDate "2016.08.11"]
[EventType "swiss"]
[EventRounds "9"]
[EventCountry "ESP"]
[SourceTitle "Ajedrez en Madrid"]
[Source "lmi"]
[SourceDate "2016.08.11"]
[SourceVersion "1"]
[SourceVersionDate "2018.07.27"]
[SourceQuality "1"]

1. d4 Nf6 2. Bg5 Ne4 3. Bh4 c5 4. dxc5 Nxc5 5. Nd2 g6 6. e3 Bg7 7. c3 O-O 8.
Ngf3 d6 9. Nb3 Nbd7 10. Bd3 Nxb3 11. axb3 Nf6 12. O-O Bd7 13. Re1 b5 14. b4 a5
15. bxa5 Rxa5 16. Qe2 Qb6 17. Nd4 Rfa8 18. Nb3 Rxa1 19. Rxa1 Rxa1+ 20. Nxa1 b4
21. Nc2 bxc3 22. bxc3 Nd5 23. c4 Nc3 24. Qf1 e6 25. f3 Ba4 26. Qc1 Bxc2 27.
Qxc2 d5 28. cxd5 Qxe3+ 29. Bf2 Qf4 1/2-1/2

[Event "Open de Figueres Miquel Mas 2016 - B"]
[Site "Figueres ESP"]
[Date "2016.08.17"]
[Round "8.4"]
[White "Lazaro Porta, Angel"]
[Black "Palacios Pena, Gerardo"]
[Result "1-0"]
[WhiteElo "1943"]
[BlackElo "1900"]
[PlyCount "37"]
[EventDate "2016.08.11"]
[EventType "swiss"]
[EventRounds "9"]
[EventCountry "ESP"]
[SourceTitle "Ajedrez en Madrid"]
[Source "lmi"]
[SourceDate "2016.08.11"]
[SourceVersion "1"]
[SourceVersionDate "2018.07.27"]
[SourceQuality "1"]

1. Nf3 d5 2. g3 c6 3. c4 Nf6 4. Bg2 Bf5 5. b3 e6 6. Bb2 Bc5 7. O-O O-O 8. d4
Be7 9. Nbd2 h6 10. Re1 Nbd7 11. Ne5 Nxe5 12. dxe5 Nd7 13. e4 dxe4 14. Nxe4 Bb4
15. Re3 Bxe4 16. Rxe4 Nc5 17. Rd4 Qc8 18. a3 Ba5 19. b4 1-0

[Event "Open de Figueres Miquel Mas 2016 - B"]
[Site "Figueres ESP"]
[Date "2016.08.17"]
[Round "8.5"]
[White "Perez Fonolleras, Oliver"]
[Black "Guzman Maglaya, Noli"]
[Result "0-1"]
[WhiteElo "1468"]
[BlackElo "1925"]
[PlyCount "56"]
[EventDate "2016.08.11"]
[EventType "swiss"]
[EventRounds "9"]
[EventCountry "ESP"]
[SourceTitle "Ajedrez en Madrid"]
[Source "lmi"]
[SourceDate "2016.08.11"]
[SourceVersion "1"]
[SourceVersionDate "2018.07.27"]
[SourceQuality "1"]

1. e4 e5 2. Nf3 d6 3. d4 exd4 4. Nxd4 Nf6 5. Nc3 Be7 6. Bc4 O-O 7. f3 c6 8. Be3
b5 9. Bb3 b4 10. Na4 c5 11. Ne2 Bd7 12. c3 Nc6 13. g4 Na5 14. cxb4 Nxb3 15.
axb3 cxb4 16. h4 Qb8 17. Bf4 Be6 18. Nc5 Qb6 19. Nxe6 fxe6 20. Qd3 Nd7 21. Ra6
Nc5 22. Rxb6 Nxd3+ 23. Kd2 axb6 24. Kxd3 e5 25. Be3 Rxf3 26. Kd2 Ra2 27. Bxb6
Rxb2+ 28. Kd1 Rd3+ 0-1